National Disaster Response Force : (Record no. 509573)

000 -LEADER
fixed length control field 00557nam a22001337a 4500
082 ## - DEWEY DECIMAL CLASSIFICATION NUMBER
Classification number APPPA 2018-19\SRI
100 ## - MAIN ENTRY--PERSONAL NAME
Personal name Srivastava,Rajesh
9 (RLIN) 5581
245 ## - TITLE STATEMENT
Title National Disaster Response Force :
Remainder of title Strength and Weaknesses and it's synergy with the armed forces
Statement of responsibility, etc by Rajesh Srivastava
260 ## - PUBLICATION, DISTRIBUTION, ETC. (IMPRINT)
Place of publication, distribution, etc New Delhi
Name of publisher, distributor, etc Indian Institute of Public Administration
Date of publication, distribution, etc 2019
300 ## - PHYSICAL DESCRIPTION
Extent 100p.
500 ## - GENERAL NOTE
General note APPPA Dissertation, 2018-19 (Guide : Prof Vinod Kumar Sharma)
650 ## - SUBJECT ADDED ENTRY--TOPICAL TERM
Topical term or geographic name as entry element Disaster Planning -- India
9 (RLIN) 6315
650 ## - SUBJECT ADDED ENTRY--TOPICAL TERM
Topical term or geographic name as entry element Disasters -- prevention & control -- India
9 (RLIN) 6316
Holdings
Withdrawn status Lost status Source of classification or shelving scheme Damaged status Koha normalized classification for sorting Not for loan Permanent location Current location Date acquired Total Checkouts Full call number Barcode Date last seen Date last borrowed Price effective from Koha item type
        APPPA_201819SRI   Indian Institute of Public Administration Indian Institute of Public Administration 2019-05-14 1 APPPA 2018-19\SRI GR21071 2020-01-15 2019-09-05 2019-05-14 GR

Powered by Koha